000
00204 a2200097 4500
020
_a
9780753458051
041
_a
eng
100
_a
Judy Allen and Tudor Humphries
245
_a
Are you Dragonfly
942
_c
BK
999
_c
9516
_d
9516